Sobrealimentación de motores
Guardat en:
| Autor principal: | |
|---|---|
| Format: | Llibre |
| Idioma: | espanyol |
| Publicat: |
Barcelona
CEAC
1985
|
| Edició: | 3a. ed |
| Col·lecció: | Biblioteca del automóvil
|
| Matèries: | |
| Etiquetes: |
Afegir etiqueta
Sense etiquetes, Sigues el primer a etiquetar aquest registre!
|
MARC
| LEADER | 00000nam a2200000 a 4500 | ||
|---|---|---|---|
| 001 | UCW2080 | ||
| 003 | CL-VaPUC | ||
| 008 | 910806e19850000SP |||||||||||||||||spa|d | ||
| 082 | 0 | 4 | |a 621.4023 |b MIR |2 21 |
| 100 | |a Miralles de Imperial, Juan |e autor |9 479191 | ||
| 245 | 1 | 0 | |a Sobrealimentación de motores |
| 250 | |a 3a. ed | ||
| 300 | |a 285 p | ||
| 942 | |c BK | ||
| 945 | |d 19910806 00:00:00 | ||
| 260 | |a Barcelona |b CEAC |c 1985 | ||
| 650 | 7 | |a GASES DE COMBUSTION |2 CL-VaPUC |9 271742 | |
| 650 | 0 | |a Motores de combustión interna |9 261038 | |
| 583 | |a last modification |c 19910806 00:00:00 |k Rodrigo Vera | ||
| 490 | 0 | |a Biblioteca del automóvil | |
| 999 | |c 216720 |d 216718 | ||
| 952 | |0 0 |1 0 |4 0 |6 621_402300000000000_MIR_1985 |7 0 |8 A |9 202767 |a BIBMEC |b BIBMEC |d 2019-11-14 |i 270109K |o 621.4023 MIR 1985 |p 270109K |r 2024-01-19 |w 2019-11-14 |y BK |k MEC | ||